000 00926pam a2200253 a 4500
001 4432892
003 OSt
005 20211008084543.0
008 940509s1995 caua b 001 0 eng
010 _a 94019173
020 _a053419530X (alk. paper)
040 _aDLC
_cHU
_dDLC
050 0 0 _aP93.5
_b.L47 1995
082 0 0 _a302.23
_220
100 1 _aLester, Paul Martin.
_911468
245 1 0 _aVisual communication :
_bimages with messages /
_cPaul Martin Lester.
260 _aBelmont, Calif. :
_bWadsworth Pub. Co.,
_cc1995.
300 _axiv, 450 p. :
_bill. (some col.) ;
_c28 cm.
504 _aIncludes bibliographical references (p. 427-433) and index.
650 0 _aVisual communication.
_911218
906 _a7
_bcbc
_corignew
_d1
_eocip
_f19
_gy-gencatlg
942 _2ddc
_cBOOKS
_n0
999 _c10613
_d10613